| 000 | 01308nam a22002177a 4500 | ||
|---|---|---|---|
| 999 |
_c94115 _d94115 |
||
| 003 | NALT | ||
| 005 | 20240202105009.0 | ||
| 008 | 171229b th ||||| |||| 00| 0 tha d | ||
| 040 | _aNALT | ||
| 090 | _aELR 43/2 2560 | ||
| 100 | 0 |
_aณัฐสิทธิ์ เวียงทอง _923895 |
|
| 245 | 1 | 0 |
_aการขับเคลื่อนแผนยุทธศาสตร์สำนักงานเลขาธิการสภาผู้แทนราษฎร พ.ศ. 2561-2564 ไปสู่ความสำเร็จ / _cณัฐสิทธิ์ เวียงทอง. |
| 246 | _aผลงานที่เป็นข้อเสนอแนวคิดในการปรับปรุงหรือพัฒนางาน | ||
| 260 |
_aกรุงเทพฯ : _bสำนักงานเลขาธิการสภาผู้แทนราษฎร, _c2560. |
||
| 300 |
_a179 หน้า : _bแผนภาพ, ตาราง ; _c29 ซม. |
||
| 610 | 2 | 4 |
_aสำนักงานเลขาธิการสภาผู้แทนราษฎร _xยุทธศาสตร์ _y2561-2564 _924495 |
| 850 | _aNALT | ||
| 942 |
_cIS _2local |
||
| 998 |
_abijaya _c101 _j104 _k นางสาวสายฝน ดีงาม |
||